Liedtext Quiz - 2x von Mathea - Statistiken

Allgemein
  • Dieses Quiz wurde 102 mal gespielt
  • Das Durchschnittsergebnis liegt bei 275 aus 384
Antwortstatistiken
Antworten % Korrekt
Ich
98%
ich
98%
ich's
98%
du
92%
Mal,
89%
Mal
89%
mal
89%
zwei
89%
Zwei
89%
im
88%
immer
88%
Man
88%
sich
88%
mir
85%
Und
85%
und
85%
war
85%
War
85%
wär'
85%
wir
85%
Wir
85%
das
83%
den
83%
Den
83%
In
83%
in
83%
sieht
83%
kein
82%
mehr
82%
der
80%
dich
80%
ab,
78%
es
78%
Es
78%
nicht
78%
für
77%
lieber
77%
wenn
77%
zweimal
77%
zweimal,
77%
doch
75%
mich
74%
nach
74%
wieder
74%
an
72%
ein
72%
hör'
72%
meine
72%
schreib'
72%
Schreib'
72%
bei
71%
von
71%
dein
69%
die
69%
hin
69%
hin,
69%
Lied
69%
Nacht
69%
sitz'
69%
was
69%
Was
69%
deine
68%
meinem
68%
schon
68%
zu
68%
anrufst
65%
Bett
65%
bist
65%
deiner
65%
sprichst
65%
zurück,
65%
Alle
63%
dass
63%
heb'
63%
sag
63%
Am
62%
haben
62%
hoff'
62%
hörst
62%
Nur,
62%
nur,
62%
Nur
62%
uns
62%
will
62%
fragst
60%
alleine
58%
Denk'
58%
dir
58%
dir,
58%
liegst
58%
mach'
58%
Wohnzimmer
58%
dann
57%
Ende
57%
Ende,
57%
gesehen
57%
nie
57%
Song,
57%
Tinder-Matches
57%
Erinnerst
55%
Berlin?
54%
Nächsten
54%
weiß
52%
Eins
51%
Trip
51%
keine
49%
mit,
49%
Schweighöfer-Film?
49%
wollt'
49%
Wollt'
49%
bitte
48%
einfach
48%
um
48%
Freunde
46%
grad
46%
Nummer
46%
verdienst
46%
gehen
45%
gleich
45%
hält?
45%
sagen,
45%
Chance
43%
echt
43%
fällt
43%
jetzt
43%
Mum
43%
schwer
43%
bleibst
42%
Bilder
40%
bleiben
40%
bleibt
40%
denkst
40%
gar
38%
gibt's
38%
Probieren
38%
leer
37%
lösch'
37%
Beifahrersitz
35%
damit
35%
Erinnerung
35%
ihn
35%
grade
34%
schnell
34%
weiterhin
34%
Text
32%
kam
31%
ließ
31%
stehen,
31%
Anderer
28%
Poisel
28%
wünschst
25%
auseinander
22%
gingen
22%
Schatz,
20%
Keine übereinstimmenden Quizze gefunden
Verteilung der Resultate
Anzahl Personen mit jedem Resultat
Perzentil nach korrekt beantworteten Fragen
Ihre Resultats-Entwicklung
Sie haben dieses Quiz noch nicht gespielt